[Event "Hong Kong op"]
[Site "Hong Kong"]
[Date "2023.12.26"]
[Round "4"]
[White "Ren, Yibai"]
[Black "Chu, Sing Tai"]
[Result "1-0"]
[WhiteElo "1453"]
[BlackElo "1218"]
[PlyCount "63"]
[EventDate "2023.12.24"]
[EventType "swiss"]
[EventRounds "9"]
[EventCountry "HKG"]
[SourceTitle "CB01_2024"]
[SourceDate "2024.01.03"]
[SourceVersion "1"]
[SourceVersionDate "2024.01.03"]
[SourceQuality "1"]

1. e4 e6 2. d4 d5 3. e5 c5 4. c3 Nc6 5. Nf3 Bd7 6. Be2 Nge7 7. Na3 Nf5 8. Nc2 cxd4 9. cxd4 Qa5+ 10. Bd2 Qb6 11. Bc3 Be7 12. 0-0 0-0 13. Bd3 f6 14. Bxf5 exf5 15. Re1 fxe5 16. dxe5 Be6 17. Ncd4 Nxd4 18. Qxd4 Bc5 19. Qh4 h6 20. b4 Bxf2+ 21. Qxf2 Qxf2+ 22. Kxf2 Rfc8 23. Rac1 Rc4 24. a3 Rac8 25. Bb2 b5 26. Nd4 Bd7 27. e6 Be8 28. Rxc4 Rxc4 29. Rc1 g6 30. Ke3 Kf8 31. Kf4 Ke7 32. Ke5 1-0